LEADER 02564nas 2200757-a 450 001 9910895638103321 005 20260218111210.0 011 $a1861-5686 035 $a(DE-599)ZDB2079629-8 035 $a(CKB)110978977732867 035 $a(CONSER)---61044988- 035 $a(DE-599)2079629-8 035 $a(EXLCZ)99110978977732867 100 $a20790424a19579999 --- - 101 0 $ager 181 $ctxt$2rdacontent 182 $cc$2rdamedia 183 $acr$2rdacarrier 200 10$aGeschäftsbericht der Deutschen Bundesbank für das Jahr .. 210 $a[Frankfurt am Main] $cDie Bank 215 $a1 online resource 311 08$aPrint version: Geschäftsbericht der Deutschen Bundesbank für das Jahr ... 0070-394X (DLC) 61044988 (OCoLC)4891981 517 3 $aGeschäftsbericht 517 3 $aDeutsche Bundesbank Geschäftsbericht 531 $aDEUTSCHE BUNDESBANK GESCHAEFTSBERICHT 606 $aBanks and banking, Central$zGermany$vPeriodicals 606 $aBanks and banking$zGermany$vPeriodicals 606 $aBanques$zAllemagne$vPériodiques 606 $aBanques centrales$zAllemagne$vPériodiques 606 $aUE/CE Etats membres$2eclas 606 $aAnnuaires$2eclas 606 $aBanques centrales$2eclas 606 $acentral bank$2eurovocen 606 $aactivity report$2eurovocen 606 $aGermany$2eurovocen 606 $abanque centrale$2eurovocfr 606 $arapport d'activité$2eurovocfr 606 $aAllemagne$2eurovocfr 606 $aBanks and banking$2fast$3(OCoLC)fst00826867 606 $aBanks and banking, Central$2fast$3(OCoLC)fst00827036 606 $aCentrale banken$2gtt 607 $aAllemagne RF$2eclas 607 $aGermany$2fast$1https://id.oclc.org/worldcat/entity/E39PBJtCD3rcKcPDx6FHmjvrbd 608 $aPeriodicals.$2fast 615 0$aBanks and banking, Central 615 0$aBanks and banking 615 6$aBanques 615 6$aBanques centrales 615 7$aUE/CE Etats membres. 615 7$aAnnuaires. 615 7$aBanques centrales. 615 7$acentral bank. 615 7$aactivity report. 615 7$aGermany. 615 7$abanque centrale. 615 7$arapport d'activité. 615 7$aAllemagne. 615 7$aBanks and banking. 615 7$aBanks and banking, Central. 615 17$aCentrale banken. 676 $a332.1 906 $aJOURNAL 912 $a9910895638103321 920 $aexl_impl conversion 996 $aGeschäftsbericht der Deutschen Bundesbank für das Jahr .$94233201 997 $aUNINA